| 000 | 00789 a2200181 4500 | ||
|---|---|---|---|
| 020 | _a962430050X | ||
| 020 | _a9789624300505 | ||
| 082 | _a516 | ||
| 090 |
_c1569 _d1569 |
||
| 100 | 1 | _aDubrovin, B. A.; Fomenko, A. T.; Novikov, S. P.; Translated By Robert G. Burns. | |
| 245 | 1 | 0 |
_aModern geometry - methods and applications part I : _bthe geometry of surfaces, transformation groups, and fields / _cB. A.; Fomenko, A. T.; Novikov, S. P.; Translated By Robert G. Burns Dubrovin. |
| 260 |
_a[S.l.] : _bSpringer-Verlag, _c1992. |
||
| 300 | _a1 v. (unpaged) | ||
| 490 | 1 | _aSecond edition. | |
| 830 | 0 | _aSecond edition. | |
| 942 |
_aSNS _cBK _k516 DUB |
||
| 999 |
_c30179 _d30179 |
||